[Event "Asia-ch Amateur"]
[Site "Dubai"]
[Date "2023.09.02"]
[Round "8"]
[White "Kao, Jamison Edrich"]
[Black "Ali Hamdan, Alsheraifi"]
[Result "1-0"]
[WhiteElo "1709"]
[BlackElo "1792"]
[PlyCount "127"]
[EventDate "2023.08.28"]
[EventType "swiss"]
[EventRounds "9"]
[EventCountry "UAE"]
[SourceTitle "EXT 2024"]
[Source "ChessBase"]
[SourceDate "2023.10.10"]
[SourceVersion "1"]
[SourceVersionDate "2023.10.10"]
[SourceQuality "1"]

1. c4 Nf6 2. Nc3 e6 3. e4 d5 4. e5 d4 5. exf6 dxc3 6. bxc3 Qxf6 7. d4 e5 8. Nf3 Nc6 9. Bg5 Qg6 10. d5 Nb8 11. Qd2 h6 12. Be3 Nd7 13. h4 Bd6 14. h5 Qf6 15. Bd3 Qe7 16. Nh4 e4 17. Nf5 Qe5 18. Nxd6+ cxd6 19. Bc2 0-0 20. Bd4 Qe7 21. Qe3 f5 22. f3 Ne5 23. Bxe5 Qxe5 24. 0-0-0 Bd7 25. fxe4 Rac8 26. Qd4 Qf4+ 27. Kb2 fxe4 28. Bxe4 b5 29. Rhf1 Qg4 30. Rxf8+ Rxf8 31. Bf3 Qf5 32. c5 dxc5 33. Qxc5 a5 34. Rd4 Rc8 35. Qd6 b4 36. c4 Ba4 37. Qg6 Qe5 38. Qe6+ Qxe6 39. dxe6 Kf8 40. Bd5 Be8 41. g4 Ke7 42. Rf4 Rc7 43. Kc2 g6 44. hxg6 Bxg6+ 45. Kd2 a4 46. Rf3 b3 47. axb3 a3 48. Kc3 Ra7 49. Rf1 a2 50. Ra1 Bb1 51. c5 Ra3 52. Kb2 Ra7 53. b4 Ra4 54. Kc3 Ra7 55. b5 Ra3+ 56. Bb3 Ra5 57. Kb4 Ra8 58. b6 Rg8 59. b7 Rxg4+ 60. Ka5 Rg8 61. Kb6 h5 62. Bxa2 Bxa2 63. Rxa2 Kxe6 64. Ra8 1-0

[Event "Asia-ch Amateur"]
[Site "Dubai"]
[Date "2023.08.31"]
[Round "6"]
[White "Ali Hamdan, Alsheraifi"]
[Black "Saket, Kumar"]
[Result "0-1"]
[WhiteElo "1792"]
[BlackElo "1406"]
[PlyCount "120"]
[EventDate "2023.08.28"]
[EventType "swiss"]
[EventRounds "9"]
[EventCountry "UAE"]
[SourceTitle "EXT 2024"]
[Source "ChessBase"]
[SourceDate "2023.10.10"]
[SourceVersion "1"]
[SourceVersionDate "2023.10.10"]
[SourceQuality "1"]

1. Nf3 d5 2. b3 c5 3. e3 Nc6 4. Bb5 Qc7 5. Bb2 Bg4 6. c4 e6 7. 0-0 Nge7 8. h3 Bh5 9. cxd5 exd5 10. d4 cxd4 11. Qxd4 Bxf3 12. gxf3 0-0-0 13. Qa4 a6 14. Be2 Kb8 15. Nd2 d4 16. exd4 Nd5 17. Rfc1 Rd6 18. Ne4 Rg6+ 19. Kf1 Qh2 20. Bxa6 Qxh3+ 21. Ke2 Nf4+ 22. Ke3 Nd5+ 23. Ke2 Qd7 24. Bb5 f5 25. Nd2 Nb6 26. Bxc6 Qe6+ 27. Kd3 Nxa4 28. Bxa4 Bb4 29. Nc4 f4 30. Ne5 Qa6+ 31. Rc4 Rg5 32. Bc1 Rf5 33. Nd7+ Ka7 34. Ne5 Rd8 35. Ke4 Rxe5+ 36. dxe5 Qg6+ 37. Kxf4 Rf8+ 38. Ke3 Ba5 39. Ke2 Bb6 40. Be3 Bxe3 41. Kxe3 Qf5 42. f4 g5 43. Re1 gxf4+ 44. Kd2 Rd8+ 45. Kc1 Qd3 46. Rc2 b5 47. Bxb5 Qxb5 48. e6 Re8 49. Rc4 f3 50. Ree4 Qg5+ 51. Kb2 Qf6+ 52. Ka3 Rxe6 53. Rc7+ Kb6 54. Rxe6+ Qxe6 55. Rxh7 Qd6+ 56. Kb2 Qd4+ 57. Ka3 Qxf2 58. Rh6+ Kc7 59. Rh7+ Kd8 60. Rh8+ Ke7 0-1

[Event "Dubai op-B 23rd"]
[Site "Dubai"]
[Date "2023.06.03"]
[Round "8"]
[White "Ali Hamdan, Alsheraifi"]
[Black "Al Hajiri, Bader"]
[Result "0-1"]
[WhiteElo "1750"]
[BlackElo "1907"]
[PlyCount "124"]
[EventDate "2023.05.27"]
[EventType "swiss"]
[EventRounds "9"]
[EventCountry "UAE"]
[SourceTitle "CBM 214 Extra"]
[Source "ChessBase"]
[SourceDate "2023.07.31"]
[SourceVersion "1"]
[SourceVersionDate "2023.07.31"]
[SourceQuality "1"]

1. Nf3 d5 2. b3 d4 3. Bb2 Nc6 4. e3 dxe3 5. fxe3 f6 6. Bb5 e5 7. Bxc6+ bxc6 8. 0-0 Bd6 9. Na3 Ne7 10. Nc4 Ba6 11. d3 Bxc4 12. bxc4 Rb8 13. Rb1 0-0 14. Nd2 Bc5 15. Qf3 Nf5 16. Qxf5 Bxe3+ 17. Rf2 Bxd2 18. Rxd2 Rxb2 19. Rxb2 Qd4+ 20. Rf2 Qxb2 21. Qe6+ Kh8 22. Qe7 Qa1+ 23. Rf1 Qd4+ 24. Kh1 Qd6 25. Qxd6 cxd6 26. Rb1 h5 27. Kg1 Rf7 28. Rb8+ Kh7 29. Kf2 d5 30. c5 d4 31. Kf3 Rd7 32. Rc8 Rb7 33. Rxc6 Rb2 34. Ra6 Rxc2 35. c6 Rc5 36. h3 Kg6 37. g4 h4 38. Ke4 Kg5 39. Rxa7 g6 40. c7 f5+ 41. gxf5 gxf5+ 42. Kf3 e4+ 43. dxe4 Rc3+ 44. Ke2 fxe4 45. Ra4 Rc2+ 46. Kd1 Rxc7 47. Rxd4 Kf4 48. Rd8 Ke3 49. Rh8 Rd7+ 50. Kc2 Rd2+ 51. Kc3 Rxa2 52. Rxh4 Kf3 53. Rh8 e3 54. Rf8+ Ke2 55. h4 Ke1 56. h5 Rh2 57. Kd3 e2 58. Kc2 Rxh5 59. Rf7 Rc5+ 60. Kb2 Kd2 61. Rd7+ Ke3 62. Re7+ Kd3 0-1

[Event "Abu Dhabi President Cup"]
[Site "Abu Dhabi"]
[Date "2022.12.22"]
[Round "8"]
[White "Ali Hamdan, Alsheraifi"]
[Black "Hamad, MAM Al Ali"]
[Result "1-0"]
[WhiteElo "1752"]
[BlackElo "1215"]
[PlyCount "105"]
[EventDate "2022.12.16"]
[EventType "swiss"]
[EventRounds "9"]
[EventCountry "UAE"]
[SourceTitle "CBM 212 Extra"]
[Source "ChessBase"]
[SourceDate "2023.03.31"]
[SourceVersion "1"]
[SourceVersionDate "2023.03.31"]
[SourceQuality "1"]

1. e4 c5 2. Nf3 d6 3. Bb5+ Nd7 4. 0-0 a6 5. Bd3 g6 6. c3 Bg7 7. Bc2 Ngf6 8. d4 0-0 9. Qe2 Qc7 10. a4 b6 11. Bd3 Bb7 12. Nbd2 cxd4 13. cxd4 e5 14. d5 Nc5 15. Bc2 a5 16. Re1 Rae8 17. Nb1 Nh5 18. Nc3 f5 19. exf5 Ba6 20. Qd1 gxf5 21. Ng5 Nf4 22. Bxf4 exf4 23. Qh5 Be5 24. Bxf5 Re7 25. Ne6 Nxe6 26. Bxe6+ Kh8 27. Rac1 Rg7 28. Ne4 Qe7 29. Rc6 Bd3 30. Qf3 Bxe4 31. Qxe4 f3 32. g3 Qf6 33. Rec1 Bxb2 34. R1c2 Ba3 35. Rc8 Qa1+ 36. Rc1 Qxc1+ 37. Rxc1 Bxc1 38. Qb1 Ba3 39. Qb4 b5 40. Qxb5 Bc5 41. Qxa5 Ra7 42. Qc3+ Rg7 43. h4 h6 44. a5 Kh7 45. g4 h5 46. g5 Rf4 47. a6 Rxh4 48. Qxf3 Rxg5+ 49. Kf1 Rh2 50. Qf7+ Rg7 51. Bf5+ Kh8 52. Qf8+ Rg8 53. Qh6# 1-0

[Event "Abu Dhabi President Cup"]
[Site "Abu Dhabi"]
[Date "2022.12.17"]
[Round "3"]
[White "Ahmed Waqqas, Alawlaqi"]
[Black "Ali Hamdan, Alsheraifi"]
[Result "0-1"]
[WhiteElo "1369"]
[BlackElo "1752"]
[PlyCount "127"]
[EventDate "2022.12.16"]
[EventType "swiss"]
[EventRounds "9"]
[EventCountry "UAE"]
[SourceTitle "CBM 212 Extra"]
[Source "ChessBase"]
[SourceDate "2023.03.31"]
[SourceVersion "1"]
[SourceVersionDate "2023.03.31"]
[SourceQuality "1"]

1. Nf3 Nf6 2. g3 g6 3. Bg2 Bg7 4. d3 0-0 5. e4 d6 6. 0-0 c5 7. c3 Nc6 8. Nbd2 Nd7 9. Qc2 Rb8 10. a4 a6 11. Nh4 b5 12. axb5 axb5 13. f4 b4 14. e5 bxc3 15. bxc3 Bb7 16. exd6 Nb4 17. Qb3 Bxg2 18. Nxg2 exd6 19. d4 Nd3 20. Qc4 Nxc1 21. Raxc1 Nb6 22. Qd3 Nd5 23. Kh1 cxd4 24. cxd4 Rb4 25. Rc4 Qb6 26. Rd1 Qb5 27. Qc2 Bxd4 28. Rxb4 Nxb4 29. Qb3 Rb8 30. Nf3 Bc5 31. Ng5 d5 32. Ne3 Bxe3 33. Qxe3 h6 34. Nf3 Re8 35. Qb3 Qc5 36. Ne5 Rd8 37. Kg2 Nc6 38. Nxc6 Qxc6 39. Rd4 Qe6 40. Qd3 h5 41. Qf3 Kg7 42. Rd2 d4 43. Rd3 Qa2+ 44. Kh3 Qe6+ 45. Kg2 Kf6 46. h4 Qd5 47. Qxd5 Rxd5 48. Kf3 Kf5 49. Kf2 Ke4 50. Rd1 Rd7 51. Re1+ Kd3 52. Rc1 Re7 53. Rc5 Kd2 54. Rc8 Re2+ 55. Kf1 Re3 56. Kf2 Rc3 57. Rd8 d3 58. Ra8 Rc2 59. Rd8 Kc1+ 60. Ke3 d2 61. Ra8 Rc3+ 62. Kd4 Rb3 63. Ra1+ Rb1 64. Kd5 0-1

[Event "FIDE World Uni Blitz-D 1st"]
[Site "Tornelo INT"]
[Date "2021.03.13"]
[Round "4.32"]
[White "Ali Hamdan, Alsheraifi"]
[Black "Cahen, Alexis"]
[Result "0-1"]
[WhiteElo "1760"]
[BlackElo "2140"]
[PlyCount "108"]
[EventDate "2021.03.13"]
[EventType "swiss (blitz)"]
[EventRounds "10"]
[EventCountry "NET"]
[SourceTitle "EXT 2022"]
[Source "ChessBase"]
[SourceDate "2021.10.06"]
[SourceVersion "1"]
[SourceVersionDate "2021.10.06"]
[SourceQuality "1"]

1. e4 c5 2. Nf3 d6 3. d4 cxd4 4. Nxd4 Nf6 5. Nc3 g6 6. Be3 Bg7 7. f3 0-0 8. Qd2 Nc6 9. 0-0-0 Nxd4 10. Bxd4 Be6 11. Kb1 Qc7 12. g4 Rfc8 13. h4 Qa5 14. a3 Rab8 15. h5 b5 16. hxg6 hxg6 17. Nd5 Qxd2 18. Nxf6+ Bxf6 19. Rxd2 Bxd4 20. Rxd4 Rc5 21. Rd2 b4 22. axb4 Rxb4 23. Rdh2 Kg7 24. g5 Rxg5 25. f4 Rg4 26. f5 gxf5 27. exf5 Bxf5 28. Be2 Rg5 29. Rh8 Rg2 30. Bd1 Rd4 31. R8h4 Rxd1+ 32. Rxd1 Bxc2+ 33. Kc1 Bxd1 34. Kxd1 Rxb2 35. Ra4 Rb7 36. Ra6 Kf6 37. Ke2 Ke6 38. Ke3 f5 39. Kf4 Rb4+ 40. Kf3 Ke5 41. Rxa7 Rb3+ 42. Ke2 e6 43. Re7 d5 44. Re8 f4 45. Rf8 Ke4 46. Re8 Rb2+ 47. Ke1 e5 48. Re7 f3 49. Re8 d4 50. Re7 d3 51. Re8 Rb1+ 52. Kf2 d2 53. Rd8 d1R 54. Rxd1 Rxd1 0-1

[Event "FIDE World Uni Blitz-D 1st"]
[Site "Tornelo INT"]
[Date "2021.03.13"]
[Round "6.38"]
[White "Ali Hamdan, Alsheraifi"]
[Black "Palmero Martinez, Rachel"]
[Result "1-0"]
[WhiteElo "1760"]
[BlackElo "2099"]
[PlyCount "101"]
[EventDate "2021.03.13"]
[EventType "swiss (blitz)"]
[EventRounds "10"]
[EventCountry "NET"]
[SourceTitle "EXT 2022"]
[Source "ChessBase"]
[SourceDate "2021.10.06"]
[SourceVersion "1"]
[SourceVersionDate "2021.10.06"]
[SourceQuality "1"]

1. e4 e5 2. Nf3 Nc6 3. Bc4 Bc5 4. d3 Nf6 5. Nbd2 d6 6. c3 Bb6 7. Bb3 0-0 8. h3 d5 9. Qe2 h6 10. Nf1 Re8 11. Ng3 Be6 12. 0-0 Qd7 13. Kh2 Rad8 14. Nh4 dxe4 15. dxe4 Ne7 16. Qf3 Nh7 17. Bxe6 fxe6 18. Qh5 Rf8 19. Ng6 Nxg6 20. Qxg6 Bxf2 21. Bxh6 Bxg3+ 22. Qxg3 Kh8 23. Rad1 Qe7 24. Qxe5 Nf6 25. Bg5 Rd6 26. Qf4 e5 27. Qh4+ Kg8 28. Rxd6 Qxd6 29. Bxf6 Rxf6 30. Rxf6 Qxf6 31. Qxf6 gxf6 32. Kg3 Kg7 33. Kg4 Kg6 34. h4 a6 35. h5+ Kh6 36. Kf5 Kxh5 37. Kxf6 Kg4 38. Kxe5 Kg3 39. Kf5 Kxg2 40. e5 Kf3 41. e6 Ke3 42. e7 Kd3 43. e8Q Kc2 44. Qe2+ Kb1 45. b4 b5 46. Ke4 a5 47. Kd3 axb4 48. cxb4 c5 49. Kc3 cxb4+ 50. Kb3 Kc1 51. Qc2# 1-0

[Event "FIDE World Uni Blitz-D 1st"]
[Site "Tornelo INT"]
[Date "2021.03.13"]
[Round "1.59"]
[White "Rohan, Mark Gomes"]
[Black "Ali Hamdan, Alsheraifi"]
[Result "0-1"]
[WhiteElo "1276"]
[BlackElo "1760"]
[PlyCount "46"]
[EventDate "2021.03.13"]
[EventType "swiss (blitz)"]
[EventRounds "10"]
[EventCountry "NET"]
[SourceTitle "EXT 2022"]
[Source "ChessBase"]
[SourceDate "2021.10.06"]
[SourceVersion "1"]
[SourceVersionDate "2021.10.06"]
[SourceQuality "1"]

1. e4 c5 2. Nf3 e6 3. d4 cxd4 4. Nxd4 Nc6 5. Nc3 Qc7 6. Be3 a6 7. Qd2 Nf6 8. f3 b5 9. Be2 Bb7 10. g4 d6 11. h4 Be7 12. g5 Nd7 13. f4 b4 14. Na4 Nc5 15. Nxc5 dxc5 16. Nxc6 Bxc6 17. 0-0-0 Bxe4 18. Rhg1 0-0 19. h5 Rfd8 20. Bd3 c4 21. Kb1 cxd3 22. cxd3 Rxd3 23. Qf2 Rxd1# 0-1

[Event "UAE President Cup"]
[Site "Ajman"]
[Date "2019.01.05"]
[Round "4"]
[White "Salem, Ahmed Salem"]
[Black "Ali Hamdan, Alsheraifi"]
[Result "1-0"]
[WhiteElo "2051"]
[BlackElo "1624"]
[PlyCount "193"]
[EventDate "2019.01.02"]
[EventType "swiss"]
[EventRounds "9"]
[EventCountry "UAE"]
[SourceTitle "CBM 188 Extra"]
[Source "ChessBase"]
[SourceDate "2019.02.26"]
[SourceVersion "1"]
[SourceVersionDate "2019.02.26"]
[SourceQuality "1"]

1. e4 c5 2. Nf3 d6 3. d4 cxd4 4. Qxd4 Nf6 5. c4 Nc6 6. Qe3 g6 7. h3 Bg7 8. Be2 0-0 9. 0-0 Qc7 10. Nc3 Na5 11. Qd3 Be6 12. Nd5 Qd7 13. Bd2 Nc6 14. Bc3 Rfd8 15. Rfd1 Rac8 16. Qe3 b6 17. b4 Qb7 18. Rac1 Nd7 19. Bxg7 Kxg7 20. Ng5 Nf6 21. a3 h6 22. Nf3 Ne5 23. Nd4 Nc6 24. Nxc6 Rxc6 25. Nxf6 exf6 26. Qd4 Qe7 27. f4 Rdc8 28. f5 gxf5 29. exf5 Bxf5 30. Bf3 R6c7 31. Re1 Qd8 32. Bg4 Qd7 33. Rf1 Bxg4 34. Qxf6+ Kh7 35. hxg4 Qxg4 36. Qxd6 Qe6 37. Qd3+ Qg6 38. Qd4 Rg8 39. Rf2 Re7 40. Rcf1 Qg7 41. Qd5 Rf8 42. c5 bxc5 43. bxc5 Qe5 44. Qxe5 Rxe5 45. Rxf7+ Rxf7 46. Rxf7+ Kg6 47. Rc7 Kf5 48. Kf2 Ke4 49. c6 Rc5 50. Re7+ Kd5 51. c7 Kd6 52. Rh7 Rxc7 53. Rxh6+ Ke5 54. Ra6 Kf5 55. Ra4 Kg5 56. Ke3 Kf5 57. Rd4 Rc2 58. g3 Rc3+ 59. Rd3 Rc4 60. Rd5+ Ke6 61. Ra5 Rc7 62. Kf4 Rg7 63. g4 Rc7 64. Ra6+ Kf7 65. g5 Kg7 66. a4 Rc4+ 67. Kf5 Rc5+ 68. Kg4 Rc4+ 69. Kh5 Rc7 70. a5 Kh7 71. Rd6 Kg7 72. a6 Kf7 73. Kh6 Ke7 74. Rg6 Kf8 75. Rf6+ Kg8 76. g6 Rc1 77. Rd6 Rh1+ 78. Kg5 Rg1+ 79. Kf6 Rf1+ 80. Ke7 Kg7 81. Kd8 Rc1 82. Kd7 Rc2 83. Rc6 Rd2+ 84. Kc8 Rb2 85. Rd6 Rb1 86. Kc7 Rb2 87. Kc8 Rb1 88. Rd7+ Kxg6 89. Rxa7 Ra1 90. Ra8 Kf7 91. Kb7 Ke7 92. Rb8 Kd7 93. a7 Rb1+ 94. Ka6 Ra1+ 95. Kb6 Rb1+ 96. Kc5 Rc1+ 97. Kd4 1-0

[Event "UAE President Cup"]
[Site "Ajman"]
[Date "2019.01.04"]
[Round "3"]
[White "Ali Hamdan, Alsheraifi"]
[Black "Ahmed Eissa, Al Madhaani"]
[Result "1-0"]
[WhiteElo "1624"]
[BlackElo "1319"]
[PlyCount "51"]
[EventDate "2019.01.02"]
[EventType "swiss"]
[EventRounds "9"]
[EventCountry "UAE"]
[SourceTitle "CBM 188 Extra"]
[Source "ChessBase"]
[SourceDate "2019.02.26"]
[SourceVersion "1"]
[SourceVersionDate "2019.02.26"]
[SourceQuality "1"]

1. e4 c5 2. Nf3 d6 3. d4 cxd4 4. Nxd4 Nf6 5. Nc3 a6 6. Be2 e6 7. 0-0 Be7 8. f4 e5 9. Nf5 Bxf5 10. exf5 e4 11. Nd5 Nxd5 12. Qxd5 Qb6+ 13. Kh1 Qc6 14. Bc4 Qxd5 15. Bxd5 Nc6 16. Bxe4 0-0 17. Re1 Rfe8 18. c3 Bf6 19. Bd2 Rad8 20. Bf3 Kf8 21. Be3 Re7 22. Kg1 Nb8 23. Rad1 Nc6 24. Kf2 Red7 25. Re2 Na5 26. Bb6 1-0

[Event "Abu Dhabi President Cup"]
[Site "Abu Dhabi"]
[Date "2017.12.24"]
[Round "4"]
[White "Ali Hamdan, Alsheraifi"]
[Black "Khouri, Ahmed Abbas"]
[Result "0-1"]
[WhiteElo "1503"]
[BlackElo "2050"]
[PlyCount "64"]
[EventDate "2017.12.22"]
[EventType "swiss"]
[EventRounds "9"]
[EventCountry "UAE"]
[SourceTitle "CBM 182 Extra"]
[Source "ChessBase"]
[SourceDate "2018.02.23"]
[SourceVersion "1"]
[SourceVersionDate "2018.02.23"]
[SourceQuality "1"]

1. e4 d5 2. exd5 Qxd5 3. Nc3 Qd6 4. d4 Nf6 5. Nb5 Qb6 6. c4 c6 7. Nc3 Bg4 8. Be2 Bxe2 9. Ngxe2 Nbd7 10. Qb3 Qxb3 11. axb3 e5 12. dxe5 Nxe5 13. Be3 Nd3+ 14. Kd2 Rd8 15. Nd4 Nb4 16. Ke2 a6 17. Rhd1 Ng4 18. Bg5 f6 19. Bf4 Kf7 20. Nf3 Bc5 21. Bg3 Rhe8+ 22. Kf1 Nc2 23. Rac1 Nge3+ 24. fxe3 Nxe3+ 25. Kg1 Nxd1+ 26. Kh1 Nxb2 27. Rb1 Nd3 28. Nd2 Nf2+ 29. Bxf2 Bxf2 30. Nde4 Bd4 31. Rc1 Re6 32. g3 Rde8 0-1